| 000 | 00447nam a2200193Ia 4500 | ||
|---|---|---|---|
| 003 | RNL | ||
| 005 | 20260507084029.0 | ||
| 008 | 090707b ii f a fnsan d | ||
| 040 | _aRCL | ||
| 082 | _a658.3, B36P | ||
| 100 |
_aBeach, Dale S. _911867 |
||
| 245 |
_aPersonnel: _bThe management of people at work |
||
| 250 | _aIVth ed. | ||
| 260 | _aNew York: | ||
| 260 | _bMacmillan Pub., | ||
| 260 | _c1975. | ||
| 300 | _a784p. | ||
| 942 | _cBK | ||
| 999 |
_c16056 _d16056 |
||